| 000 | 00924nam a2200229 a 4500 | ||
|---|---|---|---|
| 001 | 000039850 | ||
| 005 | 20201002033753.0 | ||
| 008 | 130725s2002 sp ab 001 0 spa d | ||
| 020 | _a8400080149 | ||
| 100 | 1 |
_aAtaliates, Miguel _966045 |
|
| 245 | 1 | 0 |
_aHistoria / _cMiguel Ataliates; introducción, edición, traducción y comentario de Inmaculada Pérez Martín. |
| 260 |
_aMadrid : _bConsejo Superior de Investigaciones Científicas, _c2002. |
||
| 300 |
_alxvii, 382 : _bil., mapas ; _c27 cm. |
||
| 490 | 1 |
_aNueva Roma. Biblioteca Graeca et latina Aevi posterioris _v15 |
|
| 500 | _aIncluye índice | ||
| 504 | _aIncluye referencias bibliográficas y notas al pie de las páginas | ||
| 504 | _aBibliografía : p. 343-360 | ||
| 546 | _aTexto en griego y español | ||
| 700 | 1 |
_aPérez Martín, Inmaculada _915352 |
|
| 830 | 0 |
_aNueva Roma. Biblioteca Graeca et latina Aevi posterioris _v15 _966044 |
|
| 999 |
_c39340 _d39340 |
||
| 040 | _aDO-SdBNP | ||